Construction industry report online (Record no. 72658)

MARC details
000 -LEADER
fixed length control field 00869cam a2200181 4500
001 - CONTROL NUMBER
control field WB3918-02
008 - FIXED-LENGTH DATA ELEMENTS--GENERAL INFORMATION
fixed length control field 030513n2003 000 0 eng u
035 ## - SYSTEM CONTROL NUMBER
System control number (Sirsi) u122253
245 ## - TITLE STATEMENT
Title Construction industry report online
260 ## - PUBLICATION, DISTRIBUTION, ETC.
Date of publication, distribution, etc. 2003
490 ## - SERIES STATEMENT
Series statement Consult
Volume/sequential designation (33) May 2003, 3(1)
520 ## - SUMMARY, ETC.
Summary, etc. DTI's "State of the construction industry report" (Winter 2002-03) predicts continued growth for the industry despite slower world economic growth and the Iraq war. The report provides statistics and commentary on building prices and costs, materials and products, infrastructure, consultants, housing, non-residential building and current issues. Report available at www.dti.gov.uk/construction/stats/soi/soiwinter0203.htm
590 ## - LOCAL NOTE (RLIN)
Local note WB
650 ## - SUBJECT ADDED ENTRY--TOPICAL TERM
Topical term or geographic name entry element CONSTRUCTION INDUSTRY
650 ## - SUBJECT ADDED ENTRY--TOPICAL TERM
Topical term or geographic name entry element CONSTRUCTION STATISTICS
690 ## - LOCAL SUBJECT ADDED ENTRY--TOPICAL TERM (OCLC, RLIN)
Topical term or geographic name as entry element BUILT ENVIRONMENT
942 ## - ADDED ENTRY ELEMENTS (KOHA)
Suppress in OPAC 0
Holdings
Withdrawn status Lost status Source of classification or shelving scheme Damaged status Not for loan Home library Current library Shelving location Date acquired Total Checkouts Full call number Barcode Date last seen Copy number Price effective from Koha item type
    Dewey Decimal Classification     London London News article 13/05/2003   WB3918-02 122253-1001 06/08/2019 1 06/08/2019 News article